[Event "38th ch-BAN 2012"]
[Site "Dhaka BAN"]
[Date "2012.11.21"]
[Round "13.3"]
[White "Rahman,Zia"]
[Black "Hasan,Me"]
[Result "1/2-1/2"]
[WhiteElo "2525"]
[BlackElo "2310"]

1.c4 e5 2.g3 Nf6 3.Bg2 Nc6 4.Nc3 Bb4 5.e4 O-O 6.Nge2 d6 7.O-O Bg4 8.f3 Be6
9.d3 Bc5+ 10.Kh1 a5 11.Nd5 Nd4 12.Bg5 Bxd5 13.cxd5 Nxe2 14.Qxe2 c6 15.dxc6 bxc6
16.f4 Bd4 17.Rac1 Rb8 18.b3 c5 19.Rc4 Rb4 20.Qc2 Qd7 21.Bf3 Rfb8 22.Bd1 h6
23.Bh4 Qe6 24.f5 Qd7 25.Bxf6 gxf6 26.Qg2 Kh7 27.h4 Rg8 28.Kh2 Rxc4 29.dxc4 Qb7
30.Qe2 Qb4 31.Rf3 Rg7 32.Kh3 Qa3 33.b4 Qxb4 34.Rb3 Qa4 35.g4 Qd7 36.Rb5 Qc7
37.Qf3 d5 38.cxd5 c4 39.Bc2 Qa7 40.d6 Be3 41.Rd5 Bf4 42.Rd1 Rg8 43.Kg2 Qb6
44.d7 Rd8 45.Rd5 Qb2 46.Qf2 Qxa2 47.Bd1 Qb1 48.Qc2 Qb4 49.Kf2 Qb6+ 50.Kg2 Qe3
51.Qf2 Qxe4+ 52.Bf3 Qb1 53.Qe2 Qb3 54.g5 hxg5 55.hxg5 Bxg5 56.Bh5 c3 57.Rb5 Qxb5
58.Qxb5 c2 59.Qd5 c1=Q 60.Qxf7+ Kh8 61.Qe8+ Kg7  1/2-1/2

[Event "22nd World Seniors Open"]
[Site "Kamena Vourla GRE"]
[Date "2012.11.22"]
[Round "9.8"]
[White "Cebalo,M"]
[Black "Pritchett,C"]
[Result "1/2-1/2"]
[WhiteElo "2403"]
[BlackElo "2348"]

1.c4 e5 2.g3 Nf6 3.Bg2 Bc5 4.Nc3 O-O 5.Nf3 Nc6 6.d3 h6 7.O-O d6 8.a3 a6 9.b4 Ba7
10.Bb2 Bg4 11.h3 Be6 12.Rc1 Qd7 13.Kh2 Rae8 14.e3 Nh7 15.Nd5 Nd8 16.e4 c6
17.Ne3 Ng5 18.Nxg5 hxg5 19.d4 exd4 20.Bxd4 c5 21.Bc3 Nc6 22.Nd5 Nd4 23.Bxd4 cxd4
24.c5 dxc5 25.bxc5 g4 26.hxg4 Bxg4 27.Qxd4 Re6 28.Rfd1 Rh6+ 29.Kg1 Kh8 30.Ne3 Qxd4
31.Rxd4 Be6 32.e5 Rc8 33.Bxb7 Rxc5 34.Rd8+ Kh7 35.Rxc5 Bxc5 36.Bxa6 Rh5 37.Rd3 Rxe5
38.a4 g5 39.Kg2 f5 40.Bb7 Kg6 41.a5 f4 42.Nd1 Bf5 43.Rd8 fxg3 44.Kxg3 Bxf2+
45.Nxf2 Rxa5 46.Be4 Bxe4 47.Nxe4 Kf5 48.Nd2 Ra3+ 49.Nf3 Ra5 50.Rc8 Rd5 51.Rf8+ Ke4
52.Kg4 Kd3 53.Nxg5 Rd4+ 54.Kf3 Rd7 55.Ne6 Rd6 56.Nf4+ Kd4 57.Re8 Rd7 58.Re4+ Kc5
59.Ke3 Rd1 60.Nd3+ Kc6 61.Kd4 Kd6 62.Rh4 Ke6 63.Ke4 Rd2 64.Rh6+ Kd7 65.Ne5+ Kc7
66.Rc6+ Kb7 67.Rc3 Rd1 68.Nd3 Rh1 69.Rc2 Rd1 70.Kd4 Kb6 71.Rc3 Rd2 72.Kd5 Rd1
73.Rb3+ Kc7 74.Kc5 Rh1 75.Ne5 Rc1+ 76.Nc4 Rh1 77.Re3 Rh5+ 78.Ne5 Rh1 79.Rg3 Rc1+
80.Nc4 Kd7 81.Rg6 Ke7 82.Ra6 Rh1 83.Ne3 Rc1+ 84.Kd5 Kf7 85.Ng2 Rg1 86.Nf4 Rd1+
87.Ke5 Re1+ 88.Kf5 Ke7 89.Nd3 Re2 90.Nf4 Re1 91.Ng6+ Kd7 92.Ne5+ Kc7 93.Ke6 Rh1
94.Ra2 Re1 95.Rc2+ Kb6 96.Rc3 Rh1 97.Kd5 Rd1+ 98.Kc4 Rh1 99.Rb3+ Kc7 100.Kd5 Rd1+
101.Ke6 Re1 102.Rc3+ Kb6 103.Kd6 Rd1+ 104.Nd3  1/2-1/2

[Event "22nd World Seniors Open"]
[Site "Kamena Vourla GRE"]
[Date "2012.11.24"]
[Round "11.1"]
[White "Cebalo,M"]
[Black "Kristiansen,Jen"]
[Result "1/2-1/2"]
[WhiteElo "2403"]
[BlackElo "2429"]

1.c4 e5 2.g3 d6 3.Bg2 g6 4.Nc3 Bg7 5.d3 f5 6.e4 Nc6 7.Nge2 Nh6 8.h4 Ng4 9.Bg5 Qd7
10.f3 Nf6 11.Qd2 Nh5 12.Bh6 O-O 13.O-O-O Nd4 14.Nxd4 exd4 15.Ne2 fxe4 16.dxe4 d3
17.Nc3 Nxg3 18.Rhe1 Ne2+ 19.Nxe2 dxe2 20.Rxe2 Bxh6 21.Qxh6 Qg7 22.Qxg7+ Kxg7  1/2-1/2

[Event "XXVI Belgrade Trophy 2012"]
[Site "Belgrade SRB"]
[Date "2012.11.25"]
[Round "2.40"]
[White "Sablic,B"]
[Black "Skurikhin,D"]
[Result "0-1"]
[WhiteElo "1938"]
[BlackElo "2354"]

1.c4 e5 2.g3 Nf6 3.Nc3 d5 4.cxd5 Nxd5 5.Bg2 Nb6 6.d3 Be7 7.Nf3 Nc6 8.O-O Be6
9.b3 Qd7 10.Bb2 Bh3 11.a4 Bxg2 12.Kxg2 a6 13.Rc1 f5 14.e4 O-O 15.exf5 Qxf5
16.Ne4 Rad8 17.Qe2 Rd5 18.Rfd1 Rfd8 19.Bc3 Nd7 20.Rd2 Nf8 21.Rcd1 Ne6 22.Kh1 Rf8
23.Kg2 Qg4 24.Qe3 Rxf3 25.h3 Nf4+ 26.Qxf4 Qxf4 27.gxf4 Rxf4 28.f3 Bc5 29.Re2 Bd4
30.Be1 h6 31.Rc2 Rd7 32.b4 Rdf7 33.b5 axb5 34.axb5 Nd8 35.Rdc1 Ne6 36.Nd2 Be3
37.Bg3 R4f5 38.Rf1 Rd7 39.Nc4 Bf4 40.Rc3 Rg5  0-1

[Event "3rd Thanksgiving Open"]
[Site "Saint Louis USA"]
[Date "2012.11.26"]
[Round "6.4"]
[White "Eckert,D"]
[Black "Bykhovsky,An ISR"]
[Result "1/2-1/2"]
[WhiteElo "2247"]
[BlackElo "2513"]

1.c4 e5 2.g3 Nc6 3.Nc3 g6 4.Bg2 Bg7 5.e4 Nge7 6.Nge2 O-O 7.d3 d6 8.O-O f5
9.Nd5 Be6 10.Be3 Qd7 11.Qd2 Rae8 12.Rad1 Nc8 13.b3 Nd4 14.Bxd4 exd4 15.Ndf4 c6
16.Nxe6 Qxe6 17.f4 Kh8 18.Kh1 Qd7 19.Rde1 Ne7 20.Ng1 Ng8 21.Bh3 Nh6 22.exf5 Nxf5
23.Rxe8 Rxe8 24.Bxf5 Qxf5 25.Re1 Rf8 26.Nf3 h6 27.Nh4 Qf6 28.Qe2 g5 29.Ng2 d5
30.Qe6 Qxe6 31.Rxe6 dxc4 32.bxc4 Rf5 33.h4 Ra5 34.hxg5 hxg5 35.fxg5 Rxg5
36.Re8+ Kh7 37.Kh2 Be5 38.Re7+ Kg6 39.Nf4+ Bxf4 40.gxf4 Ra5 41.Rxb7 Ra3 42.Kg3 Kf5
43.Rf7+ Ke6 44.Rh7 Rxd3+ 45.Kg4 Kd6 46.f5 Rd1 47.Kf4 Kc5 48.Rxa7 Kxc4 49.f6 Kd5
50.Kf5 Rf1+ 51.Kg6 c5 52.f7 c4 53.a4 c3 54.a5 Rxf7 55.Rxf7 c2 56.Rc7 d3 57.a6 Kd6
58.Rxc2 Ke5  1/2-1/2

[Event "XXVI Belgrade Trophy 2012"]
[Site "Belgrade SRB"]
[Date "2012.11.27"]
[Round "4.7"]
[White "Damljanovic,B"]
[Black "Skurikhin,D"]
[Result "1/2-1/2"]
[WhiteElo "2576"]
[BlackElo "2354"]

1.c4 e5 2.g3 Nf6 3.Bg2 d5 4.cxd5 Nxd5 5.Nc3 Nb6 6.Nf3 Nc6 7.O-O Be7 8.b3 Be6
9.Bb2 O-O 10.Rc1 f6 11.Ne4 Qd7 12.d4 exd4 13.Nxd4 Bd5 14.Nxc6 Bxc6 15.Qxd7 Nxd7
16.Rxc6 bxc6 17.Rc1 c5 18.Ba3 Rad8 19.f4 Rfe8 20.Bf3 f5 21.Nxc5 Nf6 22.Bb2 Rd2
23.Nd3 Bd6 24.Bxf6 gxf6 25.a4 a5 26.Kf2 Re7 27.Rc6 Kg7 28.Ra6 Bb4 29.Rc6 Bd6
30.Rc4 Ba3 31.b4 axb4 32.Nxb4 Bxb4 33.Rxb4 Ra2 34.Rc4 Kg6 35.h3 h5 36.Kf1 Ra1+
37.Kf2 Ra2 38.g4 fxg4 39.hxg4 hxg4 40.Bxg4 Kh6 41.Bf3 Kg6 42.Be4+ Kh6 43.Kf3 Kg7
44.Bd3 Ra3 45.Kg4 Ra1 46.Kf5 Ra2 47.Rd4 Ra3 48.Bb5 Rc3 49.Rd8 Rc5+ 50.Kg4 c6
51.Bd3 Ra5 52.Rd4 Rea7 53.Bc2 Rc5 54.Bd3 Rca5 55.Rc4 Rxa4 56.Rxc6 R4a5 57.Kf3 Ra4
58.Rc1 Ra1 59.Rc4 R1a4 60.Rc1 Ra1 61.Rc4 R1a4  1/2-1/2

[Event "CCSCSL IM Inv"]
[Site "Saint Louis USA"]
[Date "2012.11.27"]
[Round "3.4"]
[White "Eckert,D"]
[Black "Kavutskiy,K"]
[Result "1/2-1/2"]
[WhiteElo "2247"]
[BlackElo "2301"]

1.c4 e5 2.g3 Nf6 3.Bg2 Nc6 4.Nc3 Bc5 5.Nf3 d6 6.d3 h6 7.a3 a6 8.O-O O-O 9.b4 Ba7
10.Bb2 Bf5 11.Rc1 Qd7 12.e3 Bh3 13.d4 Bxg2 14.Kxg2 exd4 15.Nd5 Ne4 16.exd4 Rfe8
17.Qd3 Rac8 18.Rce1 Ng5 19.Nxg5 hxg5 20.h4 gxh4 21.Rxe8+ Rxe8 22.Rh1 Ne7
23.Rxh4 Ng6 24.Re4 c6 25.Rxe8+ Qxe8 26.Ne3 b5 27.c5 d5 28.Bc1 Bb8 29.Bd2 Qe6
30.Nf5 Nf8 31.Qf3 g6 32.Nh4 Bc7 33.Bh6 Nh7 34.Qe3 Qxe3 35.Bxe3 Kg7  1/2-1/2

[Event "Doroshkevicha Mem Open 2012"]
[Site "Sochi RUS"]
[Date "2012.11.29"]
[Round "4"]
[White "Gubernatorov,S"]
[Black "Karmov,M"]
[Result "0-1"]
[WhiteElo "2311"]
[BlackElo "2197"]

1.c4 e5 2.g3 f5 3.Bg2 Nf6 4.Nc3 g6 5.d4 exd4 6.Qxd4 Nc6 7.Qe3+ Kf7 8.Nf3 h6
9.O-O Bg7 10.Qd3 Re8 11.c5 Kg8 12.Nh4 Ne5 13.Qc2 Qe7 14.Nb5 d5 15.cxd6 cxd6
16.Nc7 Be6 17.Nxa8 Rxa8 18.f4 Rc8 19.Qd1 Nc6 20.Nxg6 Qe8 21.Nh4 Ng4 22.Nf3 Nb4
23.Ne1 Nxa2 24.h3 Nxc1 25.hxg4 Bd4+ 26.Kh2 fxg4 27.Nf3 gxf3 28.Bxf3 Nb3 29.Rb1 Rc5
30.Kg2 Bc4 31.Rh1 Qe3 32.Rxh6 Kg7 33.Rxd6 Nd2 34.b4 Rc8 35.Rc1 Rh8 36.Rxd4 Qxd4
37.Rxc4 Rh2+  0-1

[Event "Doroshkevicha Mem Open 2012"]
[Site "Sochi RUS"]
[Date "2012.11.30"]
[Round "5"]
[White "Oganian,M"]
[Black "Demidov,Vladislav"]
[Result "1-0"]
[WhiteElo "2290"]
[BlackElo "2061"]

1.c4 e5 2.g3 d6 3.Bg2 f5 4.Nc3 Nf6 5.d4 Be7 6.Nf3 e4 7.Ng5 O-O 8.O-O c6 9.Nh3 Be6
10.d5 Bf7 11.f3 cxd5 12.cxd5 exf3 13.exf3 Kh8 14.Kh1 Qa5 15.Re1 Bd8 16.Nf4 Nbd7
17.a3 b5 18.b4 Qb6 19.Be3 Qb7 20.Qd3 Rb8 21.Qxf5 g6 22.Qd3 Ne5 23.Qd1 g5
24.Ne6 Rg8 25.Nxd8 Rbxd8 26.Ne4 Nxd5 27.Bxg5 Rdf8 28.f4  1-0

[Event "Lleida IM Closed 2012"]
[Site "Lleida ESP"]
[Date "2012.12.10"]
[Round "7.2"]
[White "Trepat Herranz,J"]
[Black "Jose Queralto,D"]
[Result "1/2-1/2"]
[WhiteElo "2281"]
[BlackElo "2181"]

1.c4 e5 2.g3 d6 3.Nc3 c6 4.Bg2 Be7 5.d3 Na6 6.Nf3 f5 7.O-O Nf6 8.Rb1 O-O
9.b4 Qc7 10.Bd2 Kh8 11.Na4 Bd7 12.Qb3 b6 13.e3 Rad8 14.Rfc1 Nb8 15.Nc3 h6
16.Nh4 Kh7 17.f4 Ng8 18.Nf3 Be6 19.b5 c5 20.Nd5 Bxd5 21.cxd5 Nd7 22.e4 fxe4
23.dxe4 Bf6 24.f5 Ne7 25.Qe3 Rg8 26.h4 g5 27.Kf2 Rg7 28.Rh1 Kg8 29.g4 Kf7
30.hxg5 Bxg5 31.Nxg5+ hxg5 32.Rh6 Nf6 33.Kg3 Rf8 34.Bf1 Qd8 35.Bc4 Rh8 36.Rbh1 Rxh6
37.Rxh6 Qg8 38.Bd3 Rh7 39.Rxh7+ Nxh7 40.Qe2  1/2-1/2

[Event "Lleida IM Closed 2012"]
[Site "Lleida ESP"]
[Date "2012.12.10"]
[Round "7.1"]
[White "Martinez Lopez,I"]
[Black "Baches Garcia,G"]
[Result "1/2-1/2"]
[WhiteElo "2284"]
[BlackElo "2403"]

1.c4 e5 2.g3 Nf6 3.Bg2 d5 4.cxd5 Nxd5 5.Nf3 Nc6 6.O-O Nb6 7.d3 Be7 8.Nbd2 O-O
9.b3 Be6 10.Bb2 f6 11.Rc1 Qd7 12.Ne4 a5 13.a3 Rfd8 14.Nc5 Bxc5 15.Rxc5 e4
16.Ne1 exd3 17.Nxd3 Qf7 18.Rb5 a4 19.b4 Bc4 20.Rc5 Nd7 21.Rf5 Ne7 22.Rf4 c6
23.Qc2 Bb3 24.Qc1 Re8 25.Nc5 Nxc5 26.Qxc5 Ng6 27.Re4 Rxe4 28.Bxe4 Re8 29.Bf3 Ne5
30.Bxe5 Rxe5 31.Qa7  1/2-1/2

[Event "XI Mario Covas Jr"]
[Site "Santos BRA"]
[Date "2012.12.10"]
[Round "1.2"]
[White "Sega,C"]
[Black "Rodriguez Vila,A"]
[Result "1/2-1/2"]
[WhiteElo "2252"]
[BlackElo "2549"]

1.c4 e5 2.g3 Nc6 3.Bg2 g6 4.Nc3 d6 5.d3 Bg7 6.e4 f5 7.Nge2 Nf6 8.O-O O-O
9.Nd5 Be6 10.Bg5 Qd7 11.Qd2 Rf7 12.Rac1 Raf8 13.Nxf6+ Bxf6 14.Bxf6 Rxf6 15.exf5 Bxf5
16.d4 Bh3 17.dxe5 Nxe5 18.f4 Bxg2 19.Kxg2 Nf7 20.Nd4 Nh6 21.b3 c5 22.Nf3 Qc6
23.Kg1 Nf5 24.Rce1 h6 25.Qd3 R8f7 26.Ng5 Rf8 27.Nf3 a6 28.a4 b6 29.g4 Ng7
30.Re7 R8f7 31.Rxf7 Kxf7 32.Nh4 Qd7 33.h3 Qe6 34.Nxg6 Rxg6 35.f5 Nxf5 36.Rxf5+ Rf6
37.Rxf6+ Kxf6 38.Kg2 Ke7 39.Qf3 Qe5 40.Qb7+ Kf6 41.Qf3+ Kg5 42.Qg3 Qe4+ 43.Kg1 Qb1+  1/2-1/2

[Event "Polonia Wroclaw Cup GM"]
[Site "Wroclaw POL"]
[Date "2012.12.11"]
[Round "8"]
[White "Carlstedt,J"]
[Black "Cernousek,L"]
[Result "0-1"]
[WhiteElo "2356"]
[BlackElo "2450"]

1.c4 e5 2.g3 Nf6 3.Bg2 d5 4.cxd5 Nxd5 5.Nc3 Nb6 6.Nf3 Nc6 7.O-O Be7 8.Rb1 Be6
9.b4 e4 10.Ne1 Bxb4 11.Nxe4 Bxa2 12.Rxb4 Nxb4 13.Ba3 a5 14.Nc5 O-O 15.Nxb7 Qe7
16.d3 c6 17.Bxc6 Bd5 18.Nc2 Bxc6 19.Nxa5 Rxa5 20.Bxb4 Qa7 21.Bxf8 Kxf8 22.Nd4 Ba8
23.Qb1 Nd5 24.e3 h6 25.Rc1 Kg8 26.Nb3 Rb5 27.Rc8+ Kh7 28.d4+ g6 29.Rc5 Rxb3
30.Qxb3 Qa1+ 31.Kg2 Nf4+  0-1

[Event "5th Kolkata Open"]
[Site "Kolkata IND"]
[Date "2012.12.12"]
[Round "10.20"]
[White "Ghosh,D"]
[Black "Laxman,R"]
[Result "1-0"]
[WhiteElo "2425"]
[BlackElo "2456"]

1.c4 e5 2.g3 Nf6 3.Bg2 Nc6 4.Nc3 Bc5 5.Nf3 d6 6.d3 h6 7.O-O O-O 8.a3 a6 9.b4 Ba7
10.Bb2 Nd4 11.Nxd4 exd4 12.Ne4 Rb8 13.Nd2 Re8 14.Re1 c5 15.Nb3 Bd7 16.a4 Ng4
17.h3 Ne3 18.fxe3 Rxe3 19.Rf1 Rxg3 20.Rf3 Rg6 21.b5 Qg5 22.Qf1 Re8 23.Re1 d5
24.Kh1 dxc4 25.dxc4 Bb8 26.Bc1 Qh5 27.Qf2 Re4 28.Nxc5 Qxc5 29.Rxf7 Bg3 30.Qf3 Bxe1
31.Rxd7 Qxc4 32.Bxh6 Re5 33.Qxb7 Reg5 34.Bxg5 Qxe2 35.Re7 Qd1 36.Qf3 Qb1
37.Re8+ Kh7 38.Qh5+ Rh6 39.Qxh6+ gxh6 40.Be4+  1-0

[Event "4th Penang Heritage City Open"]
[Site "Penang MAS"]
[Date "2012.12.12"]
[Round "4.7"]
[White "Bagamasbad,E"]
[Black "Bitoon,Jimson"]
[Result "0-1"]
[WhiteElo "2174"]
[BlackElo "2290"]

1.c4 e5 2.g3 f5 3.d4 e4 4.Nc3 Nf6 5.Bg5 Be7 6.e3 O-O 7.h4 d6 8.Nh3 c5 9.Nf4 Nc6
10.d5 Ne5 11.Be2 h6 12.Bxf6 Bxf6 13.h5 a6 14.O-O Rb8 15.a4 Qe8 16.Kg2 Bd7
17.Rh1 Rf7 18.Qc2 Re7 19.Ra3 Bg5 20.a5 b5 21.axb6 Rxb6 22.Ne6 Qb8 23.b3 Bf6
24.Rd1 Bc8 25.g4 Nxg4 26.Bxg4 fxg4 27.Nxe4 Be5 28.Nf4 Bd7 29.Ng6 Re8 30.Ng3 Qd8
31.Nf4 Rf8 32.Qe4 Bxf4 33.exf4 Qf6 34.Rda1 Re8 35.Qd3 Bc8 36.Qg6 Qf8 37.f5 Re5
38.Qxg4 Bxf5 39.Qh4 Bc8 40.Rc1 Rb7 41.Rc3 Rf7 42.Ra2 Rf4 43.Qh2 Bg4 44.Re3 Qf6
45.Rxe5 Bf3+ 46.Kf1 Qxe5 47.Ne2 Rd4 48.Nxd4 Qxd4 49.Re2 Qd3 50.Qh4 Qxe2+
51.Kg1 Qe1+ 52.Kh2 Qh1+ 53.Kg3 Qxh4+ 54.Kxh4 Bd1  0-1

[Event "III ITT JAHV McGREGOR"]
[Site "Bogota COL"]
[Date "2012.12.16"]
[Round "8.34"]
[White "Rios Parra,M"]
[Black "Rodriguez Sanchez,Diego"]
[Result "1-0"]
[WhiteElo "2295"]
[BlackElo "2063"]

1.c4 e5 2.g3 Nf6 3.Bg2 d5 4.cxd5 Nxd5 5.Nc3 Be6 6.Nf3 Nc6 7.O-O Be7 8.d4 Nxc3
9.bxc3 e4 10.Nd2 f5 11.e3 O-O 12.c4 Bf7 13.Rb1 b6 14.f3 Nxd4 15.exd4 Qxd4+
16.Kh1 Bxc4 17.Nxc4 Qxc4 18.fxe4 fxe4 19.Rxf8+ Rxf8 20.Qb3 Qxb3 21.axb3 Rd8
22.Bxe4 Rd1+ 23.Kg2 Re1 24.Kf3 Rh1 25.h4 c5 26.Bf4 Rh2 27.Rd1 Rb2 28.Rd7 Rxb3+
29.Kg4 Kf8 30.Rxa7 g6 31.Bh6+ Ke8 32.Bc6+ Kd8 33.Rd7+ Kc8 34.Rxe7 Rb4+ 35.Bf4 h5+
36.Kg5 Rd4 37.Bc7 b5 38.Bb6  1-0

[Event "15th Padova Open 2012"]
[Site "Padova ITA"]
[Date "2012.12.17"]
[Round "2.10"]
[White "Lazic,Mir"]
[Black "Del Monaco,A"]
[Result "1/2-1/2"]
[WhiteElo "2471"]
[BlackElo "2247"]

1.c4 e5 2.g3 Nf6 3.Bg2 c6 4.d4 exd4 5.Qxd4 d5 6.cxd5 cxd5 7.Nf3 Nc6 8.Qa4 Bb4+
9.Nbd2 O-O 10.a3 Bc5 11.O-O Re8 12.Qd1 Ne4 13.Nb3 Bb6 14.Nbd4 Qf6 15.Nc2 Be6
16.Nce1 Rad8 17.Nd3 g5 18.Bd2 Bg4 19.Rc1 Nd4 20.Be3 Nxf2 21.Nxf2 Nxe2+ 22.Kh1 Bxf3
23.Ng4 Bxg4 24.Rxf6 Rxe3 25.Qf1 Nxc1 26.Qxc1 Rde8 27.Rf1 d4 28.Qc4 Be6 29.Qb5 Rd8
30.Qxg5+ Kf8 31.Qh6+ Ke8 32.Bxb7 d3 33.Bc6+ Ke7 34.Qf6+ Kd6  1/2-1/2

[Event "19th Zadar Open A"]
[Site "Zadar CRO"]
[Date "2012.12.19"]
[Round "6.8"]
[White "Cebalo,M"]
[Black "Dizdarevic,E"]
[Result "1/2-1/2"]
[WhiteElo "2402"]
[BlackElo "2502"]

1.c4 e5 2.g3 Nf6 3.Bg2 c6 4.d4 exd4 5.Qxd4 Na6 6.Nf3 d5 7.cxd5 Nb4 8.Na3 Qxd5
9.O-O Be7 10.b3 O-O 11.Bb2 Qh5 12.Qe5 Qxe5 13.Nxe5 Ng4 14.Nf3 Bf6 15.Bxf6 Nxf6
16.Nc4 Be6 17.Rfc1 Bxc4 18.Rxc4 a5 19.a3 Na6 20.Nd4 Rfd8 21.e3 Ne8 22.Rcc1 Nd6
23.Rab1 Kf8 24.b4 axb4 25.axb4 Nc7 26.Bf1 Rac8  1/2-1/2

[Event "Ptuj Open 2012"]
[Site "Ptuj SLO"]
[Date "2012.12.25"]
[Round "5.7"]
[White "Kontler,Sasa"]
[Black "Cojhter,K"]
[Result "0-1"]
[WhiteElo "1856"]
[BlackElo "2061"]

1.c4 e5 2.g3 Nf6 3.Bg2 c6 4.e4 Bc5 5.Ne2 d6 6.h3 Be6 7.d3 Qc8 8.Nbc3 O-O
9.f4 g6 10.f5 gxf5 11.Bh6 fxe4 12.Bxe4 Nxe4 13.Nxe4 Bb4+ 14.N2c3 f5 15.Qh5 Rf7
16.Ng5 Rc7 17.Rf1 Bf7 18.Nxf7 Rxf7 19.Qg5+ Kh8 20.O-O-O Bxc3 21.bxc3 Na6
22.Rf3 Qe6 23.Rdf1 Rg8 24.Qh5 Qg6 25.Qh4 Nc5 26.Kc2 b5 27.cxb5 cxb5 28.Be3 Rc8
29.Qb4 a6 30.Kd2 Nxd3 31.Kxd3 e4+ 32.Kd2 exf3 33.Rxf3 Qe6 34.Bd4+ Kg8 35.Qb1 Qd5
36.Re3 Qg2+ 37.Kd3 f4 38.Re2 Qxh3 39.Qe1 Qxg3+ 40.Qxg3+ fxg3 41.Re3 Rc4 42.Rxg3+ Kf8
43.Re3 Ra4 44.Re6 Rd7 45.Re2 Re7 46.Rf2+ Rf7 47.Re2 Rf3+ 48.Be3 d5 49.Rb2 Re4  0-1

[Event "21st Donau Open 2012"]
[Site "Aschach AUT"]
[Date "2012.12.26"]
[Round "1"]
[White "Kovacevic,Bl"]
[Black "Froewis,A"]
[Result "1-0"]
[WhiteElo "2446"]
[BlackElo "2053"]

1.c4 e5 2.g3 g6 3.d4 exd4 4.Qxd4 Qf6 5.Qxf6 Nxf6 6.Nc3 c6 7.Bg2 Na6 8.Bf4 Nh5
9.Bd2 d6 10.Ne4 Bf5 11.Bc3 Bxe4 12.Bxe4 Bg7 13.Bxg7 Nxg7 14.O-O-O O-O-O 15.e3 Rhe8
16.Bg2 Re5 17.b3 Kc7 18.Ne2 Nc5 19.Nc3 f5 20.Rd2 Nh5 21.Rhd1 Nf6 22.Rc2 Nce4
23.h3 Nxc3 24.Rxc3 Rd7 25.Rc2 Rd8 26.Rd4 Rd7 27.Kb2 Rd8 28.Rc1 Rd7 29.Rc2 Rd8
30.Kc1 Rd7 31.Kd1 Rd8 32.Ke2 Rd7 33.Bf3 Rd8 34.Rcd2 Rd7 35.g4 Ne4 36.Rc2 Ng5
37.gxf5 Nxf3 38.Kxf3 Rxf5+ 39.Kg3 Rdf7 40.f4 R5f6 41.Kf3 Rf5 42.Rcd2 R7f6
43.h4 h6 44.Kg4 a6 45.Rf2 d5 46.Rfd2 Re6 47.R2d3 b5 48.cxd5 cxd5 49.a4 bxa4
50.bxa4 Kc6 51.Rc3+ Kb6 52.Kg3 Rh5 53.Kg4 Rf5 54.Kf3 Rh5 55.Kg3 Rf5 56.Kg4 Rh5
57.Rb3+ Ka5 58.Rbd3 Kb6 59.Rxd5 Rxd5 60.Rxd5 Kc6 61.Rd3 Kc5 62.Kf3 Rb6 63.e4 h5
64.Rd5+ Kc4 65.f5 Rf6 66.Kf4 gxf5 67.Rxf5 Re6 68.Rxh5 Kb4 69.a5 Kc4 70.Rf5 Kd4
71.Rd5+ Kc4 72.h5 Kb4 73.e5 Re8 74.h6 Kc4 75.Ke4 Rh8 76.Rd6 Kb5 77.Kf5 Kxa5
78.Kg6 Kb5 79.h7  1-0

[Event "22nd North American Open"]
[Site "Las Vegas USA"]
[Date "2012.12.26"]
[Round "2.26"]
[White "Wheeler,Cameron"]
[Black "Ardaman,M"]
[Result "1-0"]
[WhiteElo "2165"]
[BlackElo "2282"]

1.c4 e5 2.g3 Nc6 3.Bg2 h5 4.h4 Bc5 5.Nc3 d6 6.d3 a6 7.a3 Nge7 8.Bg5 Rb8 9.Rc1 f6
10.Bd2 Bg4 11.b4 Ba7 12.Qa4 Ra8 13.Nd5 Bd7 14.e3 Kf7 15.Qc2 Qc8 16.Ne2 Nf5
17.b5 Nd8 18.bxa6 Bc5 19.axb7 Nxb7 20.Bb4 Ra7 21.O-O g5 22.Bxc5 Nxc5 23.hxg5 h4
24.Nxf6 Ba4 25.Qc3 Rb7 26.Bxb7 Qxb7 27.e4 hxg3 28.fxg3 Qa7 29.Rf2 Nb3 30.Rf1 Qe3
31.Nd5  1-0

[Event "21st Donau Open 2012"]
[Site "Aschach AUT"]
[Date "2012.12.27"]
[Round "3"]
[White "Haskel,J"]
[Black "Biti,O"]
[Result "0-1"]
[WhiteElo "2226"]
[BlackElo "2363"]

1.c4 e5 2.g3 d6 3.Bg2 f5 4.d4 Be7 5.e3 Nf6 6.Nc3 O-O 7.Nge2 c6 8.O-O Na6
9.Rb1 e4 10.f3 d5 11.cxd5 cxd5 12.fxe4 fxe4 13.Qb3 Kh8 14.Rxf6 Bxf6 15.Nxd5 Re8
16.Nec3 Nc7 17.Nxc7 Qxc7 18.Bd2 Be6 19.Qa4 Bd7 20.Qc2 Bf5 21.Rf1 Bg6 22.Qa4 Rad8
23.Qxa7 Qc4 24.Bc1 b5 25.a3 b4 26.axb4 Qxb4 27.Qa4 Qb6 28.Qc2 Qc6 29.Bd2 h6
30.b4 Qc4 31.Rf4 Bxd4 32.Bf1 Qe6 33.exd4 e3 34.Bd3 exd2 35.Bxg6 Qe3+ 36.Kg2 Rf8
37.Bf5 Qxc3 38.Qxc3 d1=Q 39.Bg4 Qb1 40.Rxf8+ Rxf8 41.Bf3 Rb8 42.d5 Qxb4 43.Qxb4 Rxb4
44.h4 Kg8 45.Kh3 Kf8 46.Bg4 Ke7 47.h5 Rd4 48.Be6 Kf6 49.g4 Ke5 50.Kg3 Rd3+
51.Kf2 Kf4 52.Ke2 Rd4 53.Kf2 Rd2+ 54.Kf1 Kf3 55.Ke1 Rd4 56.Bd7 Ke3 57.Be6 Ra4
58.Kf1 Ra1+ 59.Kg2 Ra2+ 60.Kg3 Rd2 61.Bg8 Rd3 62.Be6 Ke4+ 63.Kf2 Kf4 64.Ke2 Rd4
65.Kf2 Rd2+ 66.Ke1 Ke3 67.Kf1 Kf3 68.Ke1 Rb2 69.Kd1 Ke3 70.Bg8 Rb4 71.Be6 Rc4
72.Bf7 Rxg4 73.Kc2 Rd4 74.Kc3 Ke4  0-1

[Event "5th Marseille Open"]
[Site "Marseille FRA"]
[Date "2012.12.27"]
[Round "3.4"]
[White "Rusev,K"]
[Black "Riff,V"]
[Result "1-0"]
[WhiteElo "2539"]
[BlackElo "2340"]

1.c4 e5 2.g3 Nf6 3.Bg2 h6 4.a3 c6 5.d4 exd4 6.Qxd4 d5 7.cxd5 cxd5 8.Nf3 Nc6
9.Qd3 Be7 10.O-O O-O 11.Rd1 Be6 12.Nc3 Rc8 13.Bf4 a6 14.Ne5 Nxe5 15.Bxe5 Nd7
16.Bd4 Nc5 17.Qc2 Qc7 18.Nxd5 Bxd5 19.Bxd5 Ne6 20.Qxc7 Rxc7 21.Be5  1-0

[Event "5th Marseille Open"]
[Site "Marseille FRA"]
[Date "2012.12.27"]
[Round "4.20"]
[White "Mory,E"]
[Black "Riols,J"]
[Result "1-0"]
[WhiteElo "2173"]
[BlackElo "1806"]

1.g3 e5 2.c4 g6 3.Nc3 Bg7 4.Bg2 Nf6 5.Nf3 d6 6.O-O c6 7.d4 Qc7 8.b3 O-O 9.Bb2 Bg4
10.h3 Bxf3 11.Bxf3 Re8 12.dxe5 dxe5 13.e3 Nbd7 14.Qc2 Nc5 15.Bg2 Rad8 16.Rad1 Rxd1
17.Rxd1 Rd8 18.b4 Ncd7 19.c5 b6 20.cxb6 Nxb6 21.Rxd8+ Qxd8 22.Bxc6 Qc8 23.Bg2 Nfd7
24.Qb3 Qe8 25.a4 Nf6 26.a5 Nbd7 27.Qc4 Bf8 28.g4 h6 29.Nd5 Bd6 30.Qc6 Qb8
31.b5 Nxd5 32.Bxd5 Qc7 33.Bc3 Kf8 34.Kf1 Ke7 35.Ke2 Qxc6 36.Bxc6 Bc7 37.Kd3 f6
38.Kc4 Nf8 39.Kd5 Nd7 40.Bb4+ Kd8 41.Ke6  1-0

[Event "36th Zurich Christmas Open"]
[Site "Zuerich SUI"]
[Date "2012.12.27"]
[Round "2.14"]
[White "Stojanovic,Mih"]
[Black "Seps,M"]
[Result "1-0"]
[WhiteElo "2566"]
[BlackElo "2259"]

1.g3 e5 2.c4 Nf6 3.Bg2 Nc6 4.Nf3 g6 5.O-O Bg7 6.Nc3 O-O 7.d3 d6 8.Rb1 Nh5
9.b4 f5 10.b5 Ne7 11.Bd2 h6 12.e3 Be6 13.Nh4 Nf6 14.Bxb7 g5 15.Bxa8 Qxa8
16.Ng2 f4 17.exf4 Bh3 18.f3 exf4 19.gxf4 g4 20.Ne4 Nf5 21.Rf2 Kh8 22.Bc3 gxf3
23.Bxf6 Bxg2 24.Bxg7+ Kxg7 25.Rxf3 Bxf3 26.Qxf3 Qd8 27.Kh1 Qh4 28.Ng3 Nd4
29.Qe4 Rxf4 30.Qxf4  1-0

[Event "2nd Erfurter WGM"]
[Site "Erfurt GER"]
[Date "2012.12.28"]
[Round "6.5"]
[White "Kachiani-Gersinska,K"]
[Black "Yildiz,B"]
[Result "1/2-1/2"]
[WhiteElo "2366"]
[BlackElo "2379"]

1.c4 e5 2.g3 Nf6 3.Bg2 d5 4.cxd5 Nxd5 5.Nc3 Nb6 6.e3 Be7 7.Nge2 O-O 8.O-O c6
9.d4 Qc7 10.b3 f5 11.dxe5 Qxe5 12.Bb2 Bf6 13.Qc2 Na6 14.Rad1 Nb4 15.Qb1 Qe7
16.a3 Na6 17.Nd4 g6 18.a4 Nc7 19.a5 Nd7 20.Qa2 Qf7 21.Ba3 Rd8 22.a6 Nxa6
23.Nxc6 bxc6 24.Bxc6 Nb6 25.Rxd8+ Bxd8 26.Bxa8 Nxa8 27.Rd1 Bf6 28.Nd5 N8c7
29.Nxf6+ Qxf6 30.Bb2 Qe7 31.Qa5 Be6 32.Qe5 Kf8 33.Qh8+ Bg8 34.Bf6 Qf7 35.Rd8+ Ne8
36.Be5 Ke7 37.Rd3 Nb4 38.Rc3 Nd5 39.Rc6 Kd7 40.Ra6 Ndc7 41.Rxa7 Qxb3 42.Ra1 Qd5
43.h4 Nb5 44.Bf4 Ke7 45.Bg5+ Kf8 46.Bh6+ Ke7 47.Bf4 Kf8 48.Rc1 Nbd6 49.Bh6+ Ke7
50.Bg5+ Kf8 51.Qa1 Bf7  1/2-1/2

[Event "21st Donau Open 2012"]
[Site "Aschach AUT"]
[Date "2012.12.29"]
[Round "5"]
[White "Horvath,Jo1"]
[Black "Biti,O"]
[Result "1/2-1/2"]
[WhiteElo "2539"]
[BlackElo "2363"]

1.c4 e5 2.g3 d6 3.Nc3 f5 4.Bg2 Nf6 5.d3 Be7 6.e4 c6 7.Nge2 O-O 8.O-O fxe4
9.dxe4 Qe8 10.b3 Na6 11.f3 Nc7 12.Be3 Be6 13.Bf2 d5 14.cxd5 cxd5 15.exd5 Ncxd5
16.Qe1 Kh8 17.Nxd5 Nxd5 18.Nd4 exd4 19.Qxe6 Nc3 20.Rfe1 Bf6 21.Qc4 Qd7 22.Qd3 Rad8
23.f4 g6 24.h4 Qf5 25.Bf1 Qxd3 26.Bxd3 Rfe8 27.Rxe8+ Rxe8 28.Kg2 a6 29.Kf3 b5
30.g4 Bg7 31.g5 Kg8 32.a3 Kf8 33.h5 Kf7 34.Rh1 Re7 35.hxg6+ hxg6 36.b4 Rc7
37.f5 gxf5 38.Kf4 Kg8 39.Bxf5 Nd5+ 40.Kg4 Ne3+ 41.Bxe3 dxe3  1/2-1/2

[Event "Pan-Am Intercollegiate 2012"]
[Site "Princeton USA"]
[Date "2012.12.29"]
[Round "4"]
[White "Leon Hoyos,M"]
[Black "Breckenridge,S"]
[Result "1-0"]
[WhiteElo "2599"]
[BlackElo "2292"]

1.c4 e5 2.g3 Nf6 3.Bg2 d5 4.cxd5 Nxd5 5.Nf3 Nc6 6.Nc3 Nb6 7.O-O Be7 8.a3 O-O
9.b4 Be6 10.d3 f6 11.Bb2 a5 12.b5 Nd4 13.Nd2 c6 14.bxc6 Nxc6 15.Na4 Rb8 16.Rc1 Nxa4
17.Qxa4 b5 18.Qd1 Nd4 19.e3 Nf5 20.Nb3 Rc8 21.Rxc8 Bxc8 22.Qd2 b4 23.axb4 axb4
24.d4 exd4 25.e4 Bb7 26.Qd3 Nd6 27.Nc5 Bc8 28.Qxd4 Qa5 29.Rc1 Nf7 30.Qc4 Qb6
31.Bd4 Re8 32.Bf1 Bxc5 33.Bxc5 Qb7 34.Bxb4 Be6 35.Qc6 Qxc6 36.Rxc6 Bd7 37.Rc7 Rxe4
38.Bc4 Rd4 39.f4 h5 40.Kf2 Be8 41.Ke3 Rd8 42.f5 Bd7 43.Kf4 Rc8 44.Bxf7+ Kxf7
45.Rxd7+ Kg8 46.Rd4 Rc2 47.Bd2 Kh7 48.h3 Rb2 49.Rd7 Rb1 50.g4 h4 51.Kf3 Rg1
52.Kf2 Rg3 53.g5 fxg5 54.f6 Ra3 55.f7  1-0